000
00201 a2200097 4500
001
46085
100
_a
Green W
245
_a
Famous Fighters
260
_a
London
_b
Macdonald
_c
090
_c
29189
_d
29189
942
_a
NUST-CAE
_c
M
_c
21323
999
_c
281158
_d
281158